| 000 | 00592nam a2200193 4500 | ||
|---|---|---|---|
| 005 | 20241209153232.0 | ||
| 010 | _aENG-142946 | ||
| 020 |
_c500.00 _a9789393386052 |
||
| 035 | _aEN-126478 | ||
| 037 | _bDBAD | ||
| 082 | _aS | ||
| 100 |
_aAsija, Naina _974852 |
||
| 245 |
_aThe Stories Of Braj/ _cBy Naina Asija |
||
| 250 | _a1 | ||
| 260 |
_bBluerose Publishers _aNoida _c2024 |
||
| 270 |
_aABL Workspaces, B-6, Amaltash Marg, Block B, Sector 4, _bUttar Pradesh _e201301 _k8882898898 _k4407342408967 _minfo@bluerosepublishers.com |
||
| 300 |
_a84p. _c23cm(pb) |
||
| 942 |
_2ddc _cEN _hS _mASI _e1 |
||
| 999 |
_c207502 _d207502 |
||